Sally Heathcote : sufragista /

Guardado en:
Bibliografiske detaljer
Hovedforfatter: Talbott, Mary M. (guión)
Andre forfattere: Talbott, Brian (guión) (guión), Charlesworth, Kate (ilustración) (ilustración), Díaz, Lorenzo (traducción) (traducción)
Format: Bog
Sprog:spansk
Udgivet: Barcelona, España : La Cúpula, 2015, c2015
Fag:
Tags: Tilføj Tag
Ingen Tags, Vær først til at tagge denne postø!

MARC

LEADER 00000nam^a2200000^a^4500
001 000358143
005 20251107000000.0
009 20260310115321.044
020 |a 978-84-15724-95-7 
037 |a Acervo ITESO - Biblioteca 
041 |a ESP 
082 |a 808. 83929  |b TAL 
100 |a Talbott, Mary M.  |e (guión) 
245 1 0 |a Sally Heathcote :  |b sufragista /  |c Guión de M.M. Talbot, B. Talbot ; il. de K. Charlesworth ; tr. por L. Díaz. 
264 4 |a Barcelona, España :  |b La Cúpula,  |c 2015, c2015 
300 |a 169, [25] p. 
336 |a texto  |b txt  |2 rdacontenido 
337 |a sin mediación  |b n  |2 rdamedio 
338 |a volumen  |b nc  |2 rdasoporte 
521 |a Peticiones 2022 Comunidades Lectoras 
585 |a Exposición DIA 2025-03 / 8M: #FeminismoTodoquever  |l Exhibición Actual  |s 20250304  |t 20250318 
585 |a Exposición DIA 2025-03 / 8M: #FeminismoTodoquever  |l Exhibición Actual  |s 20250304  |t 20250318 
649 |a XX 
650 |a Mujeres -  |z Inglaterra -  |x Condiciones Sociales y Culturales 
650 |a Mujeres -  |z Inglaterra -  |x Condiciones Políticas 
650 |a Historietas y Caricaturas de Temas Políticos y Sociales 
650 |a Historietas y Caricaturas Inglesas 
650 |a Novela Gráfica -  |z Inglaterra 
650 |a Novela Inglesa 
650 |a Literatura Inglesa -  |y Siglo XXI 
650 |a Literatura y Política -  |z Inglaterra 
650 |a Sufragismo -  |z Inglaterra -  |x Historia -  |x Tema Principal 
650 |a Sufragismo -  |x Historia -  |x Tema Principal 
650 |a Feminismo -  |z Inglaterra -  |x Historia 
650 |a Derechos Políticos -  |z Inglaterra -  |x Historia -  |y Eduardo VII, 1901-1910 
650 |a Derechos Políticos -  |z Inglaterra -  |x Historia -  |y Jorge V, 1910-1936 
650 |a Sistema Político -  |z Inglaterra -  |x Historia -  |y Eduardo VII, 1901-1910 
650 |a Sistema Político -  |z Inglaterra -  |x Historia -  |y Jorge V, 1910-1936 
650 |a Política -  |z Inglaterra -  |x Historia -  |y Eduardo VII, 1901-1910 
650 |a Política -  |z Inglaterra -  |x Historia -  |y Jorge V, 1910-1936 
650 |a Política -  |z Inglaterra -  |x Historia -  |y Período Victoriano y Casa de Windsor, 1837 en Adelante 
700 |a Talbott, Brian  |e (guión) 
700 |a Charlesworth, Kate  |e (ilustración) 
700 |a Díaz, Lorenzo  |e (traducción) 
910 |a Fondo General 
920 |a Impresos - Libros 
930 |a Colección General 
940 |a Literatura 
905 |a 101 
901 |a 0500250434  |b IT1  |c LIT  |i C147670  |u 20250521 
901 |a 0500362067  |b IT1  |c LIT  |i C177556  |u 20250521 
901 |a 0500362061  |b IT1  |c LIT  |i C177558  |u 20250521 
901 |a 0500362064  |b IT1  |c LIT  |i C177557  |u 20250521 
902 |a https://opac.biblio.iteso.mx/vufind/Record/000358143